Score 0/30 Timer 10:00
1 Play Today
% Correct
Florida Peninsula
93.1%
Atlantic Ocean
93%
Pacific Ocean
92.8%
Gulf of Mexico
92.8%
Mississippi River
92%
Appalachian Mts
86.8%
Rocky Mountains
86.6%
Long Island
86.1%
Lake Superior
85.9%
Ohio River
85.1%
Lake Michigan
84.7%
Great Salt Lake
82.8%
Rio Grande
79.6%
Chesapeake Bay
75.8%
Missouri River
74.6%
% Correct
Lake Huron
72.1%
Cape Cod
70.8%
Sonoran Desert
70.6%
Sierra Nevada
70.3%
Lake Erie
69.4%
Red River
65.3%
Colorado River
64.3%
Arkansas River
64.2%
Ozark Plateau
63.5%
Cascade Range
62.9%
Lake Ontario
61.1%
Edwards Plateau
55.1%
Snake River
49.8%
Wasatch Range
48.5%
Columbia River
48%
Remove Ads.
Support Sporcle.
Get the best of Sporcle when you Go Orange. This ad-free experience offers more features, more stats, and more fun while also helping to support Sporcle. Thank you for becoming a member.

You're not logged in!

Compare scores with friends on all Sporcle quizzes.
OR
Log In

Show Comments

Extras

Top Quizzes Today


Score Distribution

Your Account Isn't Verified!

In order to create a playlist on Sporcle, you need to verify the email address you used during registration. Go to your Sporcle Settings to finish the process.

Report this User

Report this user for behavior that violates our Community Guidelines.

Details: